La batalla de la energía /
Guardado en:
| Autor Principal: | |
|---|---|
| Formato: | Libro |
| Idioma: | Spanish |
| Publicado: |
Buenos Aires :
Eudeba,
1963.
|
| Etiquetas: |
Agregar Etiqueta
Sin Etiquetas, Sea el primero en etiquetar este registro!
|
| LEADER | 00413nam a22001455a 4500 | ||
|---|---|---|---|
| 001 | EEO.bibeco005708 | ||
| 003 | AR-BaUEB | ||
| 005 | 20110412134609.0 | ||
| 008 | 080718s1963####ag############000#0#spa#d | ||
| 245 | 1 | 3 | |a La batalla de la energía / |c Henry Peyret. |
| 260 | |a Buenos Aires : |b Eudeba, |c 1963. | ||
| 300 | |a 136 p. | ||
| 100 | 1 | |a Peyret, Henry. | |
| 082 | 0 | 4 | |a 333.79 |
| 859 | |a AR-BaUEB |b BIB. ECONOMIA - General |h 333.79 |i P465 |p e08507 | ||
